000 00801nam a2200253 i 4500
001 54044
003 ES-MaACL
005 20230906162901.0
007 t|
008 031121s1994 sp ||||1| spa d
020 _a84-7564-153-9
080 _a821.134.2 Espinosa, Miguel 1.06 (063)
130 0 _aMiguel de Espinosa.
_9123012
245 1 0 _aMiguel Espinosa /
_c[coordinación, Victorino Polo García].
250 _a1ª ed.
260 _a[Murcia :
_bV Centenario, Comisión Editora Regional de Murcia],
_c1994.
300 _a684 p. ;
_c22 cm.
490 1 _aCarabelas. Congreso
600 1 4 _aEspinosa, Miguel-
_vCongresos y asambleas.
_9172368
700 1 _aPolo García, Victorino.
_992878
830 1 _aCarabelas. Congreso
_9230287
852 _aES-MaACL
_jL-26701
999 _c54044
_d54044